ბათუმის შოთა რუსთაველის სახელმწიფო უნივერსიტეტის ბიბლიოთეკა

Справочник для вынужденно перемещенных лиц (ბიბ.ჩანაწერი № 36047)

000 -LEADER
fixed length control field 00583nam a2200193Ia 4500
001 - CONTROL NUMBER
control field 1947
003 - CONTROL NUMBER IDENTIFIER
control field GE_BSU
008 - FIXED-LENGTH DATA ELEMENTS--GENERAL INFORMATION
fixed length control field 181216s||||||||xx |||||||||||||| ||und||
040 ## - CATALOGING SOURCE
Transcribing agency GE_BSU
080 ## - UNIVERSAL DECIMAL CLASSIFICATION NUMBER
Universal Decimal Classification number 326.054(035)
100 ## - MAIN ENTRY--PERSONAL NAME
Personal name Уридия, Георгий Метревели, Лела
245 ## - TITLE STATEMENT
Title Справочник для вынужденно перемещенных лиц
260 ## - PUBLICATION, DISTRIBUTION, ETC.
Place of publication, distribution, etc. Тб
260 ## - PUBLICATION, DISTRIBUTION, ETC.
Date of publication, distribution, etc. 1999
300 ## - PHYSICAL DESCRIPTION
Extent 112стр. 20 см.
653 ## - INDEX TERM--UNCONTROLLED
Uncontrolled term Справочник для вынужденно перемещенных лиц
942 ## - ADDED ENTRY ELEMENTS (KOHA)
Koha item type წიგნი
ეგზემპლარები
Withdrawn status Lost status Damaged status Not for loan Date acquired Barcode Date last seen Price effective from Koha item type
        2018-12-17 3782 2018-12-17 2018-12-17 წიგნი